| 000 | 00352nam a22001217a 4500 | ||
|---|---|---|---|
| 008 | 180518b xxu||||| |||| 00| 0 eng d | ||
| 041 | _aeng | ||
| 080 | _a043.3 | ||
| 100 | _a0 | ||
| 101 | _aSHKI-BTH | ||
| 245 |
_aDeveloping web applications with web applications platforms: Case Study- Ticketing system in sharepoint 2010 _cKaçiu,A |
||
| 942 |
_2udc _cBK |
||
| 999 |
_c45998 _d45998 |
||